| 000 | 00678nam a2200241Ia 4500 | ||
|---|---|---|---|
| 003 | OSt | ||
| 005 | 20220925230641.0 | ||
| 006 | a|||||r|||| 00| 0 | ||
| 007 | ta | ||
| 008 | 220923b |||||||| |||| 00| 0 eng d | ||
| 037 | _cGeneral Book | ||
| 040 |
_aRTL _cRTL _beng |
||
| 041 |
_2eng _aeng |
||
| 082 | _aY15.41.N9, N5 | ||
| 100 |
_aCroll Elisabeth _9248306 |
||
| 245 | 0 |
_aChanging identities of Chinese women _b Rhetoric, ex |
|
| 260 |
_aLondon _bZed Books _c1995 |
||
| 300 |
_aix,209p _ccm. |
||
| 500 | _aAppendix: p 180-192 | ||
| 650 | _aWoman Sociology | ||
| 942 |
_hY15.41.N9, N5 _cGB _2CC |
||
| 999 |
_c586262 _d586262 |
||